| 000 | 00335nam a22001337a 4500 | ||
|---|---|---|---|
| 999 |
_c15743 _d15743 |
||
| 003 | OSt | ||
| 008 | 190926b ||||| |||| 00| 0 eng d | ||
| 082 |
_a005 _bSTE/AD |
||
| 100 |
_aStevence,R T _94283 |
||
| 245 | _aAdvance Graphics Programming in C and C++ | ||
| 260 |
_aNew Delhi _bDBP _c1992 |
||
| 700 |
_aWatkins, D. _94284 |
||
| 942 | _cBK | ||